Statistics for World Cities and Google AutoComplete: by Starting Letter

Click here to take the quiz!

General Stats

  • This quiz has been taken 43 times
  • The average score is 32 of 156

Answer Stats

ANSWER% Correct
city airport . ci
72%
italy . ic
64%
south africa . st
64%
airport . ai
61%
airport . an
61%
city . ci
61%
iceland . is
61%
international airport . it
61%
russia . re
61%
new york . ne
44%
bridge . ba
42%
hotel dubai . ho
42%
lights hotel . lo
42%
local time . li
42%
local time . lo
42%
on the hudson . op
42%
time . ti
42%
time . to
42%
weather . we
42%
zoo . zi
42%
zoo . zo
42%
car rental . ci
39%
colosseum . ca
39%
x reader . xm
39%
x . xe
39%
kremlin . ki
36%
prayer times . po
36%
times . ti
36%
does not believe in tears . de
33%
empire . ex
33%
state university . so
33%
cycle tour . co
31%
state . st
31%
underground . un
31%
eye . ex
28%
ga . gr
25%
daily news . dr
22%
population . po
22%
university . un
22%
xmas 2015 . x
22%
xmas market . xm
22%
knicks . kn
19%
news . ne
19%
news tribune . ni
19%
opera . op
19%
yankees . yo
19%
youth choir . ym
19%
youth hostel . ya
19%
youth . yo
19%
zip code . zo
19%
downtown hostel . da
17%
giants . gr
17%
mets . ma
17%
restaurants . ra
17%
restaurants . re
17%
stock exchange . st
17%
volcano . va
17%
flights . fa
14%
jets . jo
14%
map . ma
14%
ballet . ba
11%
blue lagoon . bo
11%
botanical garden . br
11%
events . em
11%
events . ey
11%
exchange . ev
11%
fish market . fi
11%
fiumicino . fl
11%
hotels . ho
11%
islanders . ir
11%
post . pr
11%
queer choir . qu
11%
quotes . qu
11%
rangers . re
11%
and company . aq
8%
aquarium . ai
8%
drugs . do
8%
jobs . ja
8%
jobs . je
8%
jobs . jo
8%
vacation . vi
8%
vacation . vo
8%
visa . va
8%
xenophobia . x
8%
xenophobia . xe
8%
backpackers . br
6%
circus . cy
6%
day trips . do
6%
family medicine . fi
6%
grammar . gm
6%
holidays . ho
6%
idaho . in
6%
jazz festival . je
6%
keflavik . kn
6%
kings . ke
6%
knights . kr
6%
mule . ma
6%
nightlife . ne
6%
ontario . on
6%
postal code . po
6%
total war . ti
6%
ymca . yo
6%
excursions . ev
3%
fashion week . fr
3%
free press . fa
3%
kidnapping . ki
3%
lottery . lo
3%
one . on
3%
open . on
3%
open . op
3%
statute . su
3%
vacancies . va
3%
yoga center . yo
3%
braves . bl
0%
departures . da
0%
gmt . gu
0%
grapevine . gi
0%
gumtree . ga
0%
irish . id
0%
jewish ghetto . jo
0%
load shedding . lo
0%
marathon . me
0%
marathon . mu
0%
review of books . ru
0%
summit . st
0%
victoria . vi
0%

Score Distribution

Percentile by Number Answered

Percent of People with Each Score

Your Score History

You have not taken this quiz